| 000 | 00543nam a2200193Ia 4500 | ||
|---|---|---|---|
| 005 | 20250326144953.0 | ||
| 008 | 250326s9999 xx 000 0 und d | ||
| 020 | _a0-7099-3393-2 | ||
| 037 | _aTextbook | ||
| 040 |
_aFMSL _beng _cFMSL |
||
| 041 |
_aeng _2eng |
||
| 084 |
_aX8(D6465).461 M6 _qFMSL |
||
| 100 |
_aSharif W _9750400 |
||
| 245 | 4 |
_aThe Arab Gulf States and japan _cSharif W |
|
| 260 |
_aLondon _bLondon, Croom Helm _c2000 |
||
| 300 | _axiv,216 | ||
| 942 |
_cTB _hX8(D6465).461 M6 |
||
| 999 |
_c1305857 _d1305857 |
||